| 000 | 00624nam a2200205Ii 4500 | ||
|---|---|---|---|
| 001 | 2594 | ||
| 003 | CO-ViMGA | ||
| 008 | 241108s9999||||xx |||||||||||||| ||und|| | ||
| 040 |
_aCO-ViMGA _bspa _erda _cCO-ViMGA |
||
| 041 | 0 | _aspa | |
| 082 | 0 | 4 | _aFA Co861.5 - S45i |
| 100 | 1 |
_aJosé Asunción Silva _948873 |
|
| 245 | 1 | 0 | _aEl libro de versos 1883 - 1896 |
| 264 | 1 | _aBogotá, Colombia : Cromos, [Fecha de publicación no identificada] | |
| 300 | _avolumen | ||
| 336 |
_atext _btxt _2rdacontent |
||
| 337 |
_aunmediated _bn _2rdamedia |
||
| 338 |
_avolume _bnc _2rdacarrier |
||
| 940 | _aidficha_siabuc: 2537. -- ficha_no_siabuc:2594 | ||
| 999 |
_c43515 _d43515 |
||